Karaoke (Registo nº 3644)

Detalhes MARC
000 -Etiqueta do registo
Cabeçalho 00915ngm0a2200313 4500
005 - Identificador da versão
Campo de controlo 20240813122007.0
021 ## - Número do Depósito Legal
Código do país PT
071 0# - Número do editor (registos sonoros e música) 
Número do editor 7442/02
100 ## - Dados gerais de processamento
Dados gerais de processamento 20050630d2002 da y0pory5003 ba
102 ## - Pais de publicação ou produção
País de publicação Portugal
101 0# - Língua de publicação
Língua do texto, banda sonora, etc. Português
Língua das legendas Português
115 ## - Campo de dados codificados: Projecções Visuais, Filmes e Vídeos
Dados modificados - geral b063bbz zzzz zzxxc
215 ## - Descrição física 
Indicação específica da natureza do documento e extensão da espécie 1 DVD (PAL 2)
Outras indicações físicas col., son.
200 1# - Titulo e menção de responsabilidade
Título próprio Karaoke
Indicação geral da natureza do documento Registo vídeo
Informação de outro título 23 super êxitos populares
Primeira menção de responsabilidade Midiarte Produções
225 2# - Colecção 
Título próprio da colecção Super êxitos em DVD
Indicação de volume 4
210 ## - Publicação, Distribuição, etc. 
Lugar da edição, distribuição, etc. PT
Nome do editor, distribuidor, etc. Karaokept
Data da publicação, distribuição, etc. 2002
306 ## - Notas relativas a publicação, distribuição, etc. 
Texto da nota Distribuidor: Karaokept Edições Musicais
305 ## - Notas relativas à edição e história bibliográfica da publicação 
Texto da nota Data de lançamento: 2002
333 ## - Nota relativa aos potenciais utilizadores
Texto da nota Classificação: M12
327 1# - Nota de conteúdo 
Texto da nota Conteúdo: Portugal Karaoke ; 23 super êxitos populares.
606 ## - Nome comum usado como assunto
Número de registo de entrada de autoridade 0002869
Palavra de ordem Multimédia
610 1# - Termos de indexação não controlados
Subject Term DVD música
710 02 - Nome de colectividade-autor (responsabilidade principal)
Número de registo de entrada de autoridade 0002870
Palavra de ordem Midiarte Produções
942 ## - Elementos de entrada adicionados (Koha)
Tipo de item no Koha Livro
Exemplares
Situação do levantamento Origin of item (home branch) (coded) Biblioteca de empréstimo Código de barras Cota Circulation type (not for loan) Tipo de documento Nota do exemplar Damaged status
  Biblioteca Escolar da Coca Maravilhas Biblioteca Escolar da Coca Maravilhas BECM87d/05 NF KAR   DVD Sem mensagem